|
|
|
|
| LEADER |
00000nam a2200000 a 4500 |
| 001 |
vtls008366913 |
| 003 |
SK-MaSNL |
| 005 |
20260301141003.0 |
| 008 |
181112s1948 xo slo |
| 015 |
|
|
|a SKSNBA19451955-001504
|
| 035 |
|
|
|a SK01SNKBKSFS20010059130
|
| 035 |
|
|
|a SKM000061593
|
| 040 |
|
|
|a SNK
|b slo
|c SNK
|e AACR2
|
| 041 |
1 |
|
|a slo
|h pol
|
| 044 |
|
|
|a xo
|c SK
|
| 080 |
|
|
|a 884-3
|2 1981
|
| 100 |
1 |
|
|a Czajkowski, A.
|4 aut
|9 494377
|
| 245 |
1 |
0 |
|a Rozprávka o železnom vlkovi
|c A. Czajkowski ; (z pôv. prel. Dano Melich) ; (ilustr. Ivan Šimko)
|
| 260 |
|
|
|a Turčiansky Sv. Martin
|b Matica slovenská
|c 1948
|e Turčiansky Sv. Martin
|f Neografia
|
| 300 |
|
|
|a 36, [1] s.
|b [4] obr. príl.
|c V. 8°
|
| 490 |
1 |
|
|a Knižnica Slniečka
|v sv. 11
|
| 655 |
|
7 |
|a umelecká literatúra
|2 SNKPH
|9 60405
|
| 655 |
|
7 |
|a poľské rozprávky
|2 SNKPH
|9 70650
|
| 700 |
1 |
|
|a Melich, Dano
|4 trl
|9 494378
|
| 700 |
1 |
|
|a Šimko, Ivan,
|d 1914-2008
|4 ill
|9 38654
|
| 830 |
|
0 |
|a Knižnica Slniečka
|9 350004
|
| 852 |
|
|
|a Slovenská národná knižnica v Martine
|b 10000
|h MS SB 1010/11
|
| 958 |
|
|
|a OND
|
| 958 |
|
|
|a RK
|
| 958 |
|
|
|a TL
|
| 999 |
|
|
|c 765685
|d 767615
|
| 952 |
|
|
|a SNK
|b SNK
|y VYP
|7 0
|p 17A0887871
|o snkSB 1010/11 D1
|i snkF 5812/62
|8 5
|0 0
|1 0
|4 0
|d 2012-05-10
|l 0
|r 2026-02-24 00:18:15
|w 2026-02-24
|